[Event "Vienna op-A"]
[Site "Vienna"]
[Date "2016.08.21"]
[Round "7"]
[White "Vorobiov, Evgeny E"]
[Black "Guido, Flavio"]
[Result "1-0"]
[WhiteElo "2586"]
[BlackElo "2370"]
[PlyCount "155"]
[EventDate "2016.08.16"]
[EventType "swiss"]
[EventRounds "9"]
[EventCountry "AUT"]
[SourceTitle "CBM 173 Extra"]
[Source "ChessBase"]
[SourceDate "2016.08.29"]
[SourceVersion "1"]
[SourceVersionDate "2016.08.29"]
[SourceQuality "1"]

1. Nf3 c5 2. c4 Nc6 3. g3 g6 4. Bg2 Bg7 5. Nc3 e6 6. h4 h6 7. d3 Nge7 8. Bd2 b6 9. a3 Bb7 10. 0-0 0-0 11. Qc1 Kh7 12. Rb1 d6 13. b4 Qd7 14. e3 Rac8 15. Qd1 Ne5 16. Nxe5 Bxe5 17. Qa4 Qxa4 18. Nxa4 Bxg2 19. Kxg2 Rfd8 20. Rfc1 h5 21. Kf3 Kg7 22. Ke2 f5 23. Nc3 d5 24. bxc5 bxc5 25. Rb7 Rc7 26. Rxc7 Bxc7 27. cxd5 exd5 28. Na4 Bd6 29. Nxc5 Rb8 30. Bb4 Kf7 31. Nd7 Rc8 32. Rxc8 Nxc8 33. Bxd6 Nxd6 34. Kd2 Ke6 35. Nc5+ Ke7 36. Nb3 Nc8 37. Nd4 Kd6 38. Kc3 Kc5 39. Kb3 Ne7 40. Ka4 Kb6 41. Kb4 Nc8 42. a4 a5+ 43. Kb3 Kc5 44. Ka3 Ne7 45. Nb3+ Kb6 46. Kb2 Nc6 47. Kc3 Kc7 48. Nd4 Ne5 49. Ne6+ Kd6 50. Nf4 Ng4 51. Nxg6 Nxf2 52. Nf4 Nd1+ 53. Kd4 Nb2 54. Nxh5 Nxa4 55. Ng7 Nb2 56. h5 Ke7 57. Nxf5+ Kf6 58. h6 Kg6 59. Ne7+ Kxh6 60. Nxd5 a4 61. Nb4 Kg5 62. Nc2 Nd1 63. Kc4 Kg4 64. d4 Kxg3 65. d5 Nf2 66. d6 Ng4 67. Kd4 Nh6 68. e4 Nf7 69. Kd5 Kf4 70. d7 Nd8 71. e5 Kf5 72. Nd4+ Kg6 73. Nc6 a3 74. Nxd8 a2 75. Nc6 a1Q 76. d8Q Qa2+ 77. Kd6 Qa3+ 78. Kc7 1-0

[Event "St Veit op-A 35th"]
[Site "St Veit"]
[Date "2016.07.13"]
[Round "6"]
[White "Vegh, Endre"]
[Black "Guido, Flavio"]
[Result "0-1"]
[WhiteElo "2268"]
[BlackElo "2365"]
[PlyCount "112"]
[EventDate "2016.07.09"]
[EventType "swiss"]
[EventRounds "9"]
[EventCountry "AUT"]
[SourceTitle "EXT 2017"]
[Source "ChessBase"]
[SourceDate "2016.10.25"]
[SourceVersion "1"]
[SourceVersionDate "2016.10.25"]
[SourceQuality "1"]

1. d4 Nf6 2. c4 g6 3. Nc3 d5 4. Nf3 Bg7 5. Qa4+ Bd7 6. Qb3 dxc4 7. Qxc4 0-0 8. Bf4 Na6 9. e4 c5 10. e5 Nh5 11. Be3 cxd4 12. Qxd4 Bc6 13. Be2 Bxf3 14. Bxf3 Qxd4 15. Bxd4 Nb4 16. 0-0-0 Nf4 17. Kb1 Ne6 18. Bxb7 Rab8 19. Bf3 Nxd4 20. Rxd4 Bxe5 21. Rd2 Bxc3 22. bxc3 Nd3+ 23. Ka1 Ne5 24. Bd5 Rfc8 25. f4 Ng4 26. Bb3 Rb7 27. Kb2 a5 28. Rd4 Rbc7 29. Rd5 Rxc3 30. Rxa5 Re3 31. f5 Re2+ 32. Kb1 g5 33. h4 Nf2 34. Rg1 gxh4 35. f6 exf6 36. Ra7 Rf8 37. Ka1 Ne4 38. Re7 f5 39. Re5 Rf2 40. Rh1 Rf4 41. Rd1 Rf2 42. a4 Rc8 43. Red5 Rc3 44. R5d3 Rxg2 45. Rxc3 Nxc3 46. Rh1 Rg4 47. a5 Nb5 48. a6 Kg7 49. Bc2 Kf6 50. Rb1 Na7 51. Rb7 h3 52. Bb3 h2 53. Bd5 Ke5 54. Bf3 Rg3 55. Bh1 Rg1+ 56. Rb1 Kf4 0-1

[Event "St Veit op-A 35th"]
[Site "St Veit"]
[Date "2016.07.10"]
[Round "2"]
[White "Khalakhan, Jurij"]
[Black "Guido, Flavio"]
[Result "0-1"]
[WhiteElo "2197"]
[BlackElo "2365"]
[PlyCount "98"]
[EventDate "2016.07.09"]
[EventType "swiss"]
[EventRounds "9"]
[EventCountry "AUT"]
[SourceTitle "EXT 2017"]
[Source "ChessBase"]
[SourceDate "2016.10.25"]
[SourceVersion "1"]
[SourceVersionDate "2016.10.25"]
[SourceQuality "1"]

1. e4 c5 2. d4 cxd4 3. c3 dxc3 4. Nxc3 Nc6 5. Nf3 d6 6. Bc4 e6 7. 0-0 Be7 8. Qe2 a6 9. Rd1 Qc7 10. Be3 Nf6 11. Rac1 0-0 12. Bb3 Qa5 13. h3 Rb8 14. Bg5 Rd8 15. Qe3 b5 16. Ne2 Bb7 17. Qf4 b4 18. Ng3 Rbc8 19. Qh4 Ne5 20. Rxc8 Rxc8 21. Nxe5 Qxe5 22. f4 Qxb2 23. Kh2 h6 24. Bxf6 Qxf6 25. Qg4 Qh4 26. f5 Qxg4 27. hxg4 e5 28. f6 Bxf6 29. Nf5 Rc7 30. Nxd6 Ba8 31. Ne8 Rc8 32. Bxf7+ Kf8 33. Nd6 Rd8 34. Bb3 g6 35. g5 hxg5 36. Kg3 Ke7 37. Nc4 Rxd1 38. Bxd1 Bxe4 39. Be2 Bb1 40. Nd2 Bxa2 41. Bxa6 Bd5 42. Bd3 Kd6 43. Ne4+ Bxe4 44. Bxe4 Kc5 45. Kf3 Kd4 46. Bxg6 b3 47. g4 Kc3 48. Ke2 Kb2 49. Kd2 Ka1 0-1

[Event "Arco op 37th"]
[Site "Arco"]
[Date "2015.10.15"]
[Round "6"]
[White "Guido, Flavio"]
[Black "Bruno, Fabio"]
[Result "1/2-1/2"]
[WhiteElo "2367"]
[BlackElo "2417"]
[PlyCount "136"]
[EventDate "2015.10.10"]
[EventType "swiss"]
[EventRounds "9"]
[EventCountry "ITA"]
[SourceTitle "CBM 168 Extra"]
[Source "ChessBase"]
[SourceDate "2015.10.29"]
[SourceVersion "1"]
[SourceVersionDate "2015.10.29"]
[SourceQuality "1"]

1. e4 e6 2. d4 d5 3. Nd2 Nf6 4. e5 Nfd7 5. Bd3 c5 6. c3 Nc6 7. Ne2 cxd4 8. cxd4 f6 9. exf6 Nxf6 10. 0-0 Bd6 11. Nf3 Qc7 12. Bd2 0-0 13. Rc1 Bd7 14. Ng3 Qb6 15. Bc3 Bf4 16. Ra1 Rac8 17. Re1 Kh8 18. Bc2 a6 19. a3 Bh6 20. Ba4 Nb8 21. Bb4 Bxa4 22. Qxa4 Rfe8 23. Ne5 Kg8 24. Bc5 Qc7 25. Re2 Nbd7 26. Nxd7 Nxd7 27. Bb4 Qc6 28. Qxc6 Rxc6 29. Nf5 Rc1+ 30. Rxc1 Bxc1 31. Nd6 Rb8 32. Rc2 Bf4 33. g3 a5 34. gxf4 axb4 35. axb4 Nf6 36. Rc7 b6 37. f5 Ne8 38. Rc8 Rxc8 39. Nxc8 exf5 40. Nxb6 Nc7 41. Na4 Kf7 42. Nc3 Ke6 43. b5 Na8 44. Na4 Kd6 45. Nc3 Nb6 46. b3 g5 47. Kg2 h6 48. Kf3 Nd7 49. Kg3 Nf6 50. Kf3 Ne4 51. Nb1 Kc7 52. Ke3 Kb6 53. f3 Nf6 54. Nc3 f4+ 55. Kf2 Ka5 56. Kg2 Kb4 57. Na4 Kxb5 58. h4 gxh4 59. Kh3 Kb4 60. Nc5 Kc3 61. Ne6 Kxb3 62. Nxf4 Kc4 63. Ne6 Kd3 64. Kxh4 Ke2 65. Nf4+ Kxf3 66. Nxd5 Nxd5 67. Kh5 Ke4 68. Kxh6 Kxd4 1/2-1/2

[Event "St Veit op 34th"]
[Site "St Veit"]
[Date "2015.07.13"]
[Round "4"]
[White "Guido, Flavio"]
[Black "Praznik, Anton"]
[Result "1-0"]
[WhiteElo "2361"]
[BlackElo "2182"]
[PlyCount "64"]
[EventDate "2015.07.11"]
[EventType "swiss"]
[EventRounds "9"]
[EventCountry "AUT"]
[SourceTitle "EXT 2016"]
[Source "ChessBase"]
[SourceDate "2015.10.08"]
[SourceVersion "1"]
[SourceVersionDate "2015.10.08"]
[SourceQuality "1"]

1. e4 d6 2. d4 Nf6 3. Nc3 g6 4. Be3 c6 5. h3 Nbd7 6. f4 Qa5 7. Bd3 e5 8. Qf3 Bg7 9. Nge2 b5 10. 0-0 0-0 11. a3 Bb7 12. dxe5 dxe5 13. f5 h6 14. fxg6 fxg6 15. Qg3 Kh7 16. Qh4 Qd8 17. g4 a6 18. Ng3 Nc5 19. Nf5 Nfd7 20. Qxd8 Raxd8 21. Nxg7 Kxg7 22. Be2 Ne6 23. Rad1 c5 24. Rxf8 Nexf8 25. Bxc5 Rc8 26. Bf2 Nc5 27. Bg3 Re8 28. Bf3 a5 29. b4 axb4 30. axb4 Na6 31. Nxb5 Nxb4 32. Nd6 Re7 1-0

[Event "St Veit op 34th"]
[Site "St Veit"]
[Date "2015.07.12"]
[Round "3"]
[White "Bosiocic, Marin"]
[Black "Guido, Flavio"]
[Result "1-0"]
[WhiteElo "2552"]
[BlackElo "2361"]
[PlyCount "47"]
[EventDate "2015.07.11"]
[EventType "swiss"]
[EventRounds "9"]
[EventCountry "AUT"]
[SourceTitle "EXT 2016"]
[Source "ChessBase"]
[SourceDate "2015.10.08"]
[SourceVersion "1"]
[SourceVersionDate "2015.10.08"]
[SourceQuality "1"]

1. e4 c5 2. Nf3 e6 3. d4 cxd4 4. Nxd4 Nc6 5. Nc3 d6 6. Be3 Nf6 7. Qe2 a6 8. 0-0-0 Qc7 9. f4 Be7 10. g4 Nxd4 11. Rxd4 b5 12. g5 Nd7 13. h4 Bb7 14. Bh3 Nb6 15. Rhd1 0-0 16. f5 e5 17. R4d3 b4 18. f6 gxf6 19. Bf5 Bc8 20. Bxb6 Qxb6 21. Nd5 Qd8 22. Bxh7+ Kxh7 23. Qh5+ Kg8 24. gxf6 1-0

[Event "ITA-chT2"]
[Site "Santa Margherita Ligure"]
[Date "2015.03.29"]
[Round "5"]
[White "Guido, Flavio"]
[Black "Pardo Simon, David"]
[Result "0-1"]
[WhiteElo "2364"]
[BlackElo "2458"]
[PlyCount "80"]
[EventDate "2015.03.27"]
[EventType "team-swiss"]
[EventRounds "5"]
[EventCountry "ITA"]
[SourceTitle "EXT 2017"]
[Source "ChessBase"]
[SourceDate "2016.10.25"]
[SourceVersion "1"]
[SourceVersionDate "2016.10.25"]
[SourceQuality "1"]

1. e4 g6 2. d4 d6 3. Nc3 Bg7 4. Be3 a6 5. a4 Nf6 6. h3 0-0 7. Nf3 Nc6 8. Bc4 e6 9. 0-0 b6 10. Qd2 Bb7 11. Bg5 Qd7 12. Rfe1 Nb4 13. Bb3 c5 14. Rad1 Qc7 15. dxc5 dxc5 16. Bf4 Qc8 17. Ne5 Nh5 18. Nc4 Qc6 19. Bh2 b5 20. Na5 Qb6 21. Nxb7 Qxb7 22. axb5 axb5 23. Bd6 Rfd8 24. Qe2 Rxd6 25. Rxd6 c4 26. Bxc4 bxc4 27. Qxc4 Nxc2 28. Red1 Bf6 29. e5 Bxe5 30. Rd8+ Rxd8 31. Rxd8+ Kg7 32. Qc5 Qc7 33. Qf8+ Kf6 34. g4 Bxc3 35. bxc3 Nf4 36. h4 Ke5 37. Qg7+ Ke4 38. Rd2 Kf3 39. Rxc2 Qd6 40. Kh2 Nh5+ 0-1

[Event "Arco op 36th"]
[Site "Arco"]
[Date "2014.10.12"]
[Round "9"]
[White "Paleologu, Vladimir"]
[Black "Guido, Flavio"]
[Result "0-1"]
[WhiteElo "2170"]
[BlackElo "2356"]
[PlyCount "74"]
[EventDate "2014.10.04"]
[EventType "swiss"]
[EventRounds "9"]
[EventCountry "ITA"]
[SourceTitle "CBM 162 Extra"]
[Source "ChessBase"]
[SourceDate "2014.10.17"]
[SourceVersion "1"]
[SourceVersionDate "2014.10.17"]
[SourceQuality "1"]

1. e4 c5 2. Nf3 e6 3. d4 cxd4 4. Nxd4 Nf6 5. Nc3 d6 6. Be3 Be7 7. h3 a6 8. g4 b5 9. g5 Nfd7 10. h4 b4 11. Nce2 Bb7 12. Ng3 Nc5 13. Bg2 Nbd7 14. a3 a5 15. axb4 axb4 16. 0-0 Ne5 17. b3 Rxa1 18. Qxa1 0-0 19. Qa7 Qc7 20. Qa1 Ra8 21. Qd1 Rd8 22. f4 Ng6 23. Qg4 e5 24. Ndf5 Bf8 25. h5 Nxf4 26. Bxf4 exf4 27. Qxf4 Ne6 28. Qd2 d5 29. exd5 g6 30. hxg6 hxg6 31. Qf2 Bc5 32. Ne3 Nxg5 33. Re1 Bxd5 34. Qf6 Qxg3 35. Qxd8+ Kg7 36. Kf1 Bxg2+ 37. Ke2 Qxe3+ 0-1

[Event "Arco op 36th"]
[Site "Arco"]
[Date "2014.10.09"]
[Round "6"]
[White "Guido, Flavio"]
[Black "Rotstein, Arkadij"]
[Result "0-1"]
[WhiteElo "2356"]
[BlackElo "2499"]
[PlyCount "94"]
[EventDate "2014.10.04"]
[EventType "swiss"]
[EventRounds "9"]
[EventCountry "ITA"]
[SourceTitle "CBM 162 Extra"]
[Source "ChessBase"]
[SourceDate "2014.10.17"]
[SourceVersion "1"]
[SourceVersionDate "2014.10.17"]
[SourceQuality "1"]

1. e4 c5 2. c3 Nf6 3. e5 Nd5 4. d4 cxd4 5. Nf3 e6 6. cxd4 d6 7. Bc4 Nc6 8. 0-0 Nb6 9. Bd3 dxe5 10. dxe5 Nb4 11. Be4 Qxd1 12. Rxd1 Bd7 13. Nc3 Bc6 14. Bxc6+ Nxc6 15. Nb5 Nd5 16. Be3 Be7 17. Rac1 a6 18. Nbd4 Nxd4 19. Bxd4 Kd7 20. Nd2 Bg5 21. g3 Bxd2 22. Rxd2 Rac8 23. Rdc2 Rxc2 24. Rxc2 Nb4 25. Rd2 Rc8 26. Bc3+ Nd5 27. Kg2 Rc4 28. Rd4 Rxd4 29. Bxd4 Kc6 30. Kf3 Nb4 31. a3 Kd5 32. Bc3 Nd3 33. Ke2 Nxe5 34. f4 Ng4 35. Bxg7 Nxh2 36. Kd3 f5 37. Bd4 Ng4 38. a4 Nh6 39. b3 Nf7 40. Be3 Nd6 41. Bd2 Ne4 42. Be1 b6 43. b4 b5 44. axb5 axb5 45. Ke3 h6 46. Kf3 h5 47. Kg2 Kd4 0-1

[Event "Schwarzach op 27th"]
[Site "Schwarzach"]
[Date "2012.08.25"]
[Round "8"]
[White "Guido, Flavio"]
[Black "Zelcic, Robert"]
[Result "0-1"]
[WhiteElo "2409"]
[BlackElo "2552"]
[PlyCount "88"]
[EventDate "2012.08.18"]
[EventType "swiss"]
[EventRounds "9"]
[EventCountry "AUT"]
[SourceTitle "CBM 150 Extra"]
[Source "ChessBase"]
[SourceDate "2012.10.19"]
[SourceVersion "1"]
[SourceVersionDate "2012.10.19"]
[SourceQuality "1"]

1. e4 c6 2. d4 d5 3. Nc3 dxe4 4. Nxe4 Bf5 5. Ng3 Bg6 6. Nh3 e6 7. Nf4 Bd6 8. Ngh5 Bxh5 9. Nxh5 g6 10. Ng3 Nf6 11. Bc4 Nbd7 12. c3 Bf8 13. 0-0 Bg7 14. Re1 0-0 15. Bg5 h6 16. Bf4 Nd5 17. Bd6 Re8 18. Bb3 Bf8 19. Ne4 N5f6 20. Bxf8 Rxf8 21. Qf3 Nxe4 22. Rxe4 Nf6 23. Re5 Kg7 24. Rae1 Nd5 25. g3 Qf6 26. Qg4 Rh8 27. h4 h5 28. Qe4 Rad8 29. Re2 Rd7 30. Kg2 Rhd8 31. Re1 Rd6 32. Bc2 b6 33. Bb3 Ne7 34. Qe3 Nf5 35. Qf3 c5 36. dxc5 Rd2 37. R1e2 R8d3 38. Qe4 Ne3+ 39. Qxe3 Rxe3 40. R5xe3 Rxe2 41. Rxe2 bxc5 42. Bc4 Qe7 43. Bd3 Qb7+ 44. Be4 Qa6 0-1

[Event "Schwarzach op 27th"]
[Site "Schwarzach"]
[Date "2012.08.21"]
[Round "4"]
[White "Schnepp, Gunnar"]
[Black "Guido, Flavio"]
[Result "0-1"]
[WhiteElo "2308"]
[BlackElo "2409"]
[PlyCount "102"]
[EventDate "2012.08.18"]
[EventType "swiss"]
[EventRounds "9"]
[EventCountry "AUT"]
[SourceTitle "CBM 150 Extra"]
[Source "ChessBase"]
[SourceDate "2012.10.19"]
[SourceVersion "1"]
[SourceVersionDate "2012.10.19"]
[SourceQuality "1"]

1. d4 Nf6 2. c4 g6 3. Nc3 d5 4. cxd5 Nxd5 5. e4 Nxc3 6. bxc3 Bg7 7. Nf3 c5 8. Rb1 0-0 9. Be2 b6 10. 0-0 Bb7 11. Qd3 e6 12. Bf4 cxd4 13. cxd4 Nc6 14. Rfd1 Nxd4 15. Nxd4 e5 16. Be3 exd4 17. Bxd4 Bxd4 18. Qxd4 Qxd4 19. Rxd4 Rfd8 20. Rbd1 Rxd4 21. Rxd4 Rc8 22. f3 Rc1+ 23. Bd1 Ra1 24. Rd2 Bc8 25. Kf2 Be6 26. a4 Kf8 27. g4 g5 28. f4 gxf4 29. Kf3 Ke7 30. Kxf4 a5 31. h4 b5 32. axb5 a4 33. Bxa4 Rxa4 34. Rb2 Kd8 35. g5 Ra1 36. Ke5 Rh1 37. Rc2 Rxh4 38. b6 Rg4 39. Rd2+ Kc8 40. Kf6 Rxe4 41. Rh2 Rf4+ 42. Kg7 Bf5 43. Kxf7 Kb7 44. Kg7 Kxb6 45. Rxh7 Bxh7 46. Kxh7 Rh4+ 47. Kg7 Kc7 48. g6 Kd7 49. Kf7 Rf4+ 50. Kg8 Ke7 51. g7 Rg4 0-1

[Event "Mantova op-A 2nd"]
[Site "Mantova"]
[Date "2012.01.03"]
[Round "2"]
[White "Lantini, Marco"]
[Black "Guido, Flavio"]
[Result "0-1"]
[WhiteElo "2136"]
[BlackElo "2396"]
[PlyCount "100"]
[EventDate "2012.01.02"]
[EventType "swiss"]
[EventRounds "9"]
[EventCountry "ITA"]
[SourceTitle "CBM 146 Extra"]
[Source "ChessBase"]
[SourceDate "2012.02.29"]
[SourceVersion "1"]
[SourceVersionDate "2012.02.29"]
[SourceQuality "1"]

1. e4 c5 2. Nf3 e6 3. d4 cxd4 4. Nxd4 Nf6 5. Nc3 d6 6. g4 h6 7. h3 Nc6 8. Be3 a6 9. Qd2 Nxd4 10. Qxd4 e5 11. Qb6 Qxb6 12. Bxb6 Be6 13. Bg2 Rc8 14. 0-0-0 Be7 15. Be3 b5 16. Kb1 0-0 17. g5 hxg5 18. Bxg5 Rfd8 19. h4 Rc5 20. a3 Kf8 21. Be3 Rc4 22. Bf1 Rxc3 23. bxc3 Nxe4 24. Kb2 Rc8 25. Rd3 Bc4 26. Bh3 Rc7 27. Rdd1 Be2 28. Rde1 Bf3 29. Rh2 Nxc3 30. Bg2 Bh5 31. Bd2 Na4+ 32. Kb1 Nc3+ 33. Kb2 Na4+ 34. Kb1 Rc4 35. Re4 Nc3+ 36. Bxc3 Rxc3 37. Rh3 Rc5 38. Ree3 Bg4 39. Rhg3 f5 40. Bh3 Bxh4 41. Rg2 Bxh3 42. Rxh3 g5 43. Kb2 Ke7 44. Rc3 e4 45. Rxc5 dxc5 46. Kc3 Kf6 47. Rh2 f4 48. Kd2 Bxf2 49. Rh6+ Kf5 50. Rxa6 f3 0-1

[Event "Latschach op 27th"]
[Site "Latschach"]
[Date "2011.08.15"]
[Round "4"]
[White "Guido, Flavio"]
[Black "Schreiber, Ewald"]
[Result "1-0"]
[WhiteElo "2388"]
[BlackElo "2051"]
[PlyCount "93"]
[EventDate "2011.08.13"]
[EventType "swiss"]
[EventRounds "9"]
[EventCountry "AUT"]
[SourceTitle "CBM 143 Extra"]
[Source "ChessBase"]
[SourceDate "2011.08.29"]
[SourceVersion "1"]
[SourceVersionDate "2011.08.29"]
[SourceQuality "1"]

1. e4 c6 2. Nc3 d5 3. Nf3 Bg4 4. h3 Bxf3 5. Qxf3 e6 6. Be2 Nd7 7. 0-0 Ne7 8. d4 Ng6 9. Bd3 Bb4 10. Ne2 dxe4 11. Bxe4 0-0 12. c4 Be7 13. Bd2 Nf6 14. Bc2 Qc7 15. Bc3 Rad8 16. g3 b6 17. Rad1 c5 18. d5 exd5 19. cxd5 Ne5 20. Qf5 Ng6 21. Rd2 Qd7 22. Rfd1 Qxf5 23. Bxf5 Ne8 24. Be4 Nd6 25. Bg2 Rfe8 26. h4 Nf8 27. Nf4 Nd7 28. Re2 Bf6 29. Rde1 Rxe2 30. Rxe2 Kf8 31. Ne6+ fxe6 32. dxe6 Ke7 33. exd7+ Kxd7 34. Bh3+ Kc6 35. Bxf6 gxf6 36. Re7 Nc4 37. b3 Rd1+ 38. Kg2 Ne5 39. Rxa7 Rd2 40. Bf5 h5 41. Be4+ Kb5 42. Bf5 Kb4 43. Rb7 Ka3 44. Rxb6 Kxa2 45. Rb5 Kb2 46. Rxc5 Kxb3 47. Rc8 1-0

[Event "Vaujany op 1st"]
[Site "Vaujany"]
[Date "2010.07.14"]
[Round "5"]
[White "Sengupta, Deep"]
[Black "Guido, Flavio"]
[Result "1-0"]
[WhiteElo "2527"]
[BlackElo "2397"]
[PlyCount "109"]
[EventDate "2010.07.10"]
[EventType "swiss"]
[EventRounds "9"]
[EventCountry "FRA"]
[SourceTitle "CBM 137 Extra"]
[Source "ChessBase"]
[SourceDate "2010.09.01"]
[SourceVersion "1"]
[SourceVersionDate "2010.09.01"]
[SourceQuality "1"]

1. e4 c5 2. Nf3 e6 3. d4 cxd4 4. Nxd4 Nc6 5. Nc3 d6 6. g4 Nge7 7. Nb3 a6 8. Be3 b5 9. f4 Bb7 10. Qd2 Na5 11. Nxa5 Qxa5 12. Bg2 b4 13. Ne2 d5 14. e5 h5 15. f5 Nc6 16. fxe6 fxe6 17. Nd4 Nxd4 18. Bxd4 Bc5 19. Bh3 Bxd4 20. Qxd4 Rc8 21. 0-0-0 Qxa2 22. Qxb4 Qc4 23. Qxc4 Rxc4 24. gxh5 Rxh5 25. Bxe6 Rxe5 26. Bh3 Re2 27. Bf5 Rf4 28. Bd3 Re5 29. Rhg1 Kf7 30. Rg3 g5 31. Rdg1 Kf6 32. Rh3 d4 33. Rh8 Be4 34. Rf8+ Ke6 35. Re8+ Kf6 36. Rxe5 Kxe5 37. Rxg5+ Kf6 38. Ra5 Bxd3 39. cxd3 Rf1+ 40. Kc2 Rf2+ 41. Kb3 Rd2 42. Kc4 Rxb2 43. h4 Rh2 44. h5 Rh4 45. Rxa6+ Ke5 46. Rb6 Kf4 47. h6 Ke3 48. Rd6 Kd2 49. Rxd4 Rxh6 50. Rd8 Rc6+ 51. Kd5 Rh6 52. d4 Kd3 53. Kc5 Rh4 54. d5 Rc4+ 55. Kd6 1-0